Herz - Verstand - Tat: (Titelsatznr. 373135)
[ MARC ]
| 000 -Satzkennung | |
|---|---|
| Kontrollfeld mit fester Länge | 00576nam a22001817a 4500 |
| 003 - Kontrollnummer Identifier | |
| Kontrollnummer | OSt |
| 008 - Feld mit fester Länge zur physischen Beschreibung - Allgemeine Angaben | |
| Kontrollfeld mit fester Länge | 240507b |||||||| |||| 00| 0 eng d |
| 040 ## - Katalogisierungsquelle | |
| Original-Katalogisierungsstelle | DE-2950 |
| Übertragungsstelle | DE-2950 |
| 041 ## - Sprachcode | |
| Sprachcode des Textes/der Tonspur oder des separaten Titels | ger |
| 100 ## - Haupteintragung - Personenname | |
| Personenname | Adler, Heinz |
| Datumsangaben in Verbindung mit einem Namen | 1943-2021 |
| 245 ## - Titel | |
| Titel | Herz - Verstand - Tat: |
| Zusatz zum Titel | Erlebnisse und Reiseberichte von 1964 bis 2019 / |
| Verfasserangabe etc. | Heinz Adler |
| 260 ## - Publikation, Vertrieb usw. (Erscheinungsvermerk) | |
| Erscheinungsort, Vertriebsort etc. | [Frankfurt (Oder)], |
| Date of publication, distribution, etc | 2021 |
| 300 ## - Physische Beschreibung | |
| Umfang | Buch 1: 305 Seiten; Buch 2: 313 Seiten |
| Andere physische Details | 2 Bände |
| 653 ## - Indexierungsterm - Nicht normiert | |
| Nicht-normierter Term | Adler, Heinz, Sozialarbeiter; 13.05.1943 - 27.11.2021 |
| 653 ## - Indexierungsterm - Nicht normiert | |
| Nicht-normierter Term | Kinderheim |
| 653 ## - Indexierungsterm - Nicht normiert | |
| Nicht-normierter Term | Autobiografie |
| 942 ## - Zusätzliche Felder (Koha) | |
| Klassifikation oder Aufstellungssystematik | Andere/Generische Klassifikation |
| Koha-Medientyp | Bücher |
| Ausgeschieden | Verloren | Klassifikation oder Aufstellungssystematik | Beschädigt | Nicht entleihbar | Permanenter Standort | Aktueller Standort | Aufstellungsort | Erwerbungsdatum | Lieferant | Anzahl Ausleihen | Signatur | Letzte Aktivität | Exemplarnummer | Preis gültig von | Medientyp |
|---|---|---|---|---|---|---|---|---|---|---|---|---|---|---|---|
| Andere/Generische Klassifikation | Stadtarchiv Frankfurt (Oder) | Archivbibliothek | Stadtarchiv Frankfurt (Oder) | Archivbibliothek | Magazin | 07/05/2024 | Lukas-Buchhandlung | I: 2926 | 07/05/2024 | 38/2023; 39/2023 | 07/05/2024 | Bücher |